le compte est bon : 44 à 49 - Statistiques

Statistiques générales
  • Ce quiz a été pris 39 fois
  • Le résultat moyen est 28 sur 45
Statistiques - réponses
produit = % Correct
13 x 44 572
88%
15 x 44 660
88%
15 x 48 720
88%
16 x 45 720
88%
11 x 44 484
75%
12 x 44 528
75%
15 x 45 675
75%
16 x 44 704
75%
17 x 45 765
75%
19 x 45 855
75%
21 x 44 924
75%
21 x 45 945
75%
22 x 44 968
75%
22 x 45 990
75%
13 x 45 585
63%
14 x 45 630
63%
14 x 46 644
63%
14 x 49 686
63%
15 x 49 735
63%
16 x 46 736
63%
17 x 44 748
63%
17 x 46 782
63%
16 x 49 784
63%
18 x 44 792
63%
18 x 45 810
63%
18 x 46 828
63%
19 x 46 874
63%
19 x 49 931
63%
13 x 46 598
50%
14 x 44 616
50%
13 x 48 624
50%
14 x 47 658
50%
14 x 48 672
50%
16 x 47 752
50%
16 x 48 768
50%
17 x 48 816
50%
17 x 49 833
50%
19 x 44 836
50%
18 x 47 846
50%
18 x 48 864
50%
18 x 49 882
50%
19 x 47 893
50%
19 x 48 912
50%
21 x 46 966
50%
21 x 47 987
50%
Aucun quiz correspondant
Distribution des résultats
% des personnes avec chaque résultat
Percentile par nombre de réponses
Votre historique - résultats
Vous n’avez pas pris ce quiz